LEADER 01234nam--2200385---450- 001 990000365670203316 035 $a0036567 035 $aUSA010036567 035 $a(ALEPH)000036567USA01 035 $a0036567 100 $a20010319d1977----km-y0itay0103----ba 101 $aeng 102 $aUS 105 $a||||||||001yy 200 1 $aData base management systems$fDionysios C. Tsichritzis, Frederick H. Lochovsky 210 $aNew York$cAcademic Press$d1977 215 $aXVI, 388 p.$cill.$d23 cm 225 2 $aComputer Science and Applied Mathematics 410 $12001$aComputer Science and Applied Mathematics 461 1$1001-------$12001 676 $a001.6442 700 1$aTSICHRITZIS,$bDionysios C.$050997 701 1$aLOCHOVSKY,$bFrederick H.$0543806 801 0$aIT$bsalbc$gISBD 912 $a990000365670203316 951 $a001.644 2 TSI$b0004378 CBS$c001.644 2$d00106120 959 $aBK 969 $aSCI 979 $aPATTY$b90$c20010319$lUSA01$h1335 979 $aPATTY$b90$c20010320$lUSA01$h1747 979 $aALANDI$b90$c20010516$lUSA01$h1130 979 $c20020403$lUSA01$h1644 979 $aPATRY$b90$c20040406$lUSA01$h1625 996 $aData base management systems$9877193 997 $aUNISA LEADER 02864oam 2200673I 450 001 9910953513703321 005 20251116182720.0 010 $a1-135-14455-9 010 $a0-415-63730-9 010 $a0-203-79706-X 010 $a1-135-14447-8 024 7 $a10.4324/9780203797068 035 $a(CKB)2550000001110617 035 $a(EBL)1344623 035 $a(OCoLC)855970202 035 $a(SSID)ssj0000954204 035 $a(PQKBManifestationID)12419090 035 $a(PQKBTitleCode)TC0000954204 035 $a(PQKBWorkID)10937522 035 $a(PQKB)11554090 035 $a(OCoLC)859159562 035 $a(MiAaPQ)EBC1344623 035 $a(Au-PeEL)EBL1344623 035 $a(CaPaEBR)ebr10747272 035 $a(CaONFJC)MIL510548 035 $a(FINmELB)ELB132498 035 $a(EXLCZ)992550000001110617 100 $a20180706d2014 uy 0 101 0 $aeng 135 $aur|n|---||||| 181 $ctxt 182 $cc 183 $acr 200 10$aIntroducing the language of the news $ea student's guide /$fM. Grazia Busa? 205 $a1st ed. 210 1$aLondon ;$aNew York :$cRoutledge,$d2014. 215 $a1 online resource (177 p.) 300 $aDescription based upon print version of record. 311 08$a0-415-63729-5 311 08$a1-299-79297-9 320 $aIncludes bibliographical references and index. 327 $a1. Making news -- 2. Defining news -- 3. Sourcing news -- 4. Conveying meaning through design -- 5. Structuring the story -- 6. Headline, lead and story proper -- 7. The tools of the trade -- 8. Reporting information and evaluating likelihood -- 9. The power of words. 330 $aIntroducing the Language of the News is a comprehensive introduction to the language of news reporting. Assuming no prior knowledge of linguistics, the book provides an accessible analysis of the processes that produce news language, and discusses how different linguistic choices promote different interpretations of news texts. Key features include:comprehensive coverage of both print and online news, including news design and layout, story structure, the role of headlines and leads, style, grammar and vocabularya range of contemporary examples in the international press, from the 2012 Olympic 606 $aMass media and language 606 $aBroadcast journalism$xLanguage 606 $aNewspapers$xLanguage 606 $aDiscourse analysis$xSocial aspects 615 0$aMass media and language. 615 0$aBroadcast journalism$xLanguage. 615 0$aNewspapers$xLanguage. 615 0$aDiscourse analysis$xSocial aspects. 676 $a070.101/4 700 $aBusa?$b Maria Grazia$0461369 801 0$bFlBoTFG 801 1$bFlBoTFG 906 $aBOOK 912 $a9910953513703321 996 $aIntroducing the language of the news$94495989 997 $aUNINA